000 00552nam a2200205Ia 4500
005 20250923145953.0
008 008 250917s9999 xx 000 0 eng d
037 _aTextual
040 _aDSWL
_beng
_cDSWL
041 _aeng
_2eng
084 _aY15-31:4.25, N97
_qDSWL
100 _aMiller, B.D.
_9840852
245 4 _aThe Endangered Sex
_c by B.D. Miller
260 _aDelhi
_bOxford
_c1997
300 _a223 p.
365 _aINR
_b295.00
925 _g295.00
942 _cTEXL
_hY15-31:4.25, N97
999 _c1457965
_d1457965